000 00423cam a2200157ua 4500
003 OSt
008 250108b |||||||| |||| 00| 0 eng d
041 _aeng
082 _a621.384131
_bFIT/TR
100 _aFitchen, Franklin C .
_96880
245 _aTransistors circuit: Analysis and design /
250 _a2 /
260 _aNew Delhi :
_bAffiliated East West Press Pvt Ltd ,
_c1966.
300 _a412 ; .
942 _cBK
999 _c10662
_d10662